[Event "11e Open International de La Fere"]
[Site "La Fere (FRA)"]
[Date "2012.07.14"]
[Round "9.19"]
[White "Thomas, Olivier"]
[Black "Van Poucke, Philippe"]
[Result "1-0"]
[WhiteElo "1998"]
[BlackElo "1700"]
[PlyCount "71"]
[EventDate "2012.??.??"]

1. e4 g6 2. Bc4 Bg7 3. Nc3 Nc6 4. a3 Nf6 5. d3 d6 6. Nge2 e5 7. f4 exf4 8. Bxf4
Nh5 9. Qd2 Ne5 10. Bb3 Qh4+ 11. Bg3 Nxg3 12. Nxg3 Ng4 13. Qf2 O-O 14. Nce2 Bh6
15. Qf3 Be6 16. d4 Nxh2 17. Qd3 Bg4 18. Kf2 Rae8 19. Rxh2 Qf6+ 20. Kg1 Bxe2 21.
Nxe2 Bf4 22. Nxf4 Qxf4 23. Re1 Kg7 24. Qe3 Qxe3+ 25. Rxe3 f5 26. e5 Re7 27. g3
f4 28. gxf4 Rxf4 29. c3 Rg4+ 30. Rg2 Rxg2+ 31. Kxg2 Kh6 32. e6 c6 33. d5 c5 34.
Rf3 Kg7 35. Bc2 a6 36. a4 1-0

[Event "11e Open International de La Fere"]
[Site "La Fere (FRA)"]
[Date "2012.07.14"]
[Round "9.20"]
[White "Nicolas, Christian"]
[Black "Mestdagh, Franck"]
[Result "0-1"]
[WhiteElo "1716"]
[BlackElo "1975"]
[PlyCount "34"]
[EventDate "2012.??.??"]

1. e4 c5 2. Nc3 e6 3. g3 Nf6 4. Bg2 d5 5. exd5 exd5 6. d4 cxd4 7. Qxd4 Nc6 8.
Qa4 d4 9. Nb5 Bb4+ 10. Bd2 Bxd2+ 11. Kxd2 O-O 12. Bxc6 bxc6 13. Na3 Ne4+ 14.
Ke1 Re8 15. Kf1 Nd2+ 16. Kg2 Qd5+ 17. Nf3 Qxf3+ 0-1

[Event "11e Open International de La Fere"]
[Site "La Fere (FRA)"]
[Date "2012.07.14"]
[Round "9.21"]
[White "Fauchart, Francois"]
[Black "Soveaux, Jean"]
[Result "0-1"]
[WhiteElo "1639"]
[BlackElo "1834"]
[PlyCount "112"]
[EventDate "2012.??.??"]

1. d4 d5 2. Nf3 c6 3. Bf4 Nf6 4. h3 e6 5. e3 Bd6 6. Ne5 Qe7 7. Nd2 O-O 8. Bd3
Nbd7 9. c3 c5 10. Bc2 Ne8 11. O-O f5 12. Ndf3 Bxe5 13. dxe5 h6 14. h4 Kh8 15.
b3 b6 16. g4 fxg4 17. Nh2 Qxh4 18. Qxg4 Qxg4+ 19. Nxg4 Ba6 20. Rfe1 g5 21. Bg3
Kg7 22. e4 Bb7 23. exd5 Bxd5 24. Rad1 Rd8 25. Be4 Nc7 26. c4 Bxe4 27. Rxe4 Nb8
28. Rd6 b5 29. Re1 bxc4 30. bxc4 Rxd6 31. exd6 Ne8 32. Rxe6 Nf6 33. Be5 Nbd7
34. Re7+ Kg6 35. Bxf6 Nxf6 36. Nxf6 Kxf6 37. Rxa7 Rd8 38. d7 Ke5 39. a4 Kd4 40.
a5 Kxc4 41. Rb7 Kd5 42. Rc7 Kd6 43. Rb7 Kc6 44. Rb6+ Kxd7 45. Rxh6 c4 46. Rh3
Kc6 47. Rc3 Kb5 48. a6 Ra8 49. Rg3 Rxa6 50. Rxg5+ Kb4 51. Rg4 Kb3 52. Kf1 Re6
53. Rg7 c3 54. Rb7+ Kc2 55. f3 Rd6 56. Rc7 Kd2 0-1

[Event "11e Open International de La Fere"]
[Site "La Fere (FRA)"]
[Date "2012.07.14"]
[Round "9.22"]
[White "Vandervorst, Marc"]
[Black "Chevance, Gerard"]
[Result "0-1"]
[WhiteElo "1833"]
[BlackElo "1684"]
[PlyCount "78"]
[EventDate "2012.??.??"]

1. e4 c6 2. d4 d5 3. Nc3 dxe4 4. Nxe4 Bf5 5. Ng3 Bg6 6. Nf3 Nd7 7. Bc4 Ngf6 8.
O-O e6 9. Nh4 Be7 10. Nxg6 hxg6 11. c3 Qc7 12. f4 O-O-O 13. Qf3 Rh4 14. Rf2
Rdh8 15. Nf1 Bd6 16. g3 R4h5 17. Be2 Rh3 18. Ne3 Nb6 19. Ng4 Nxg4 20. Qxg4 R3h7
21. Be3 Nd5 22. Bd2 Nf6 23. Qf3 Nh5 24. c4 Qd7 25. Be3 Bb8 26. b4 Nf6 27. b5
cxb5 28. cxb5 Nd5 29. Bf1 Bc7 30. h4 Bb6 31. Rc2+ Kb8 32. Bf2 Rc8 33. Rac1 Rhh8
34. g4 Rxc2 35. Rxc2 Rc8 36. Rxc8+ Kxc8 37. Kh2 Kd8 38. h5 gxh5 39. gxh5 g6 0-1

[Event "11e Open International de La Fere"]
[Site "La Fere (FRA)"]
[Date "2012.07.14"]
[Round "9.23"]
[White "Wolfangel, Claude"]
[Black "Caloone, Thomas"]
[Result "1/2-1/2"]
[WhiteElo "1784"]
[BlackElo "1660"]
[PlyCount "57"]
[EventDate "2012.??.??"]

1. d4 d5 2. Nf3 e6 3. c4 c5 4. cxd5 exd5 5. Nc3 Nf6 6. Bg5 Be6 7. e4 h6 8. Bxf6
Qxf6 9. Bb5+ Nd7 10. Bxd7+ Bxd7 11. Nxd5 Qd6 12. O-O Rc8 13. Ne5 Be7 14. Nxd7
Qxd7 15. Nxe7 Qxe7 16. Qa4+ Qd7 17. Qxd7+ Kxd7 18. dxc5 Rxc5 19. Rac1 Rhc8 20.
Rxc5 Rxc5 21. Rd1+ Ke7 22. b3 Rc2 23. Rb1 b5 24. a3 Ke6 25. f4 Rc4 26. Re1 Rc2
27. Rb1 Rc4 28. Re1 Rc2 29. Rb1 1/2-1/2

[Event "11e Open International de La Fere"]
[Site "La Fere (FRA)"]
[Date "2012.07.14"]
[Round "9.24"]
[White "Vekemans, Sylvain"]
[Black "Lalot, Hugues"]
[Result "1-0"]
[WhiteElo "1779"]
[BlackElo "1612"]
[PlyCount "101"]
[EventDate "2012.??.??"]

1. c4 Nf6 2. Nc3 e6 3. g3 d5 4. cxd5 exd5 5. Bg2 c6 6. d3 Be7 7. Nf3 O-O 8. O-O
Bf5 9. a3 Nbd7 10. b4 Qc7 11. Rb1 Rab8 12. Nd4 Bg6 13. Bf4 Bd6 14. Ncb5 cxb5
15. Nxb5 Qb6 16. Nxd6 Rbd8 17. e4 Nh5 18. Qc1 Nxf4 19. Qxf4 Nf6 20. Nf5 dxe4
21. dxe4 Rfe8 22. Rbd1 Bxf5 23. Qxf5 Qc7 24. Qc5 Qb8 25. Rfe1 b6 26. Qe3 Ng4
27. Qg5 Ne5 28. Rxd8 Rxd8 29. Qf4 f6 30. Rc1 Rd3 31. Qf5 Rd7 32. f4 Nd3 33.
Qxd7 Nxc1 34. Qe6+ Kf8 35. Qc4 Qd6 36. Qxc1 Qd4+ 37. Kh1 Qf2 38. Qc8+ Kf7 39.
Qc7+ Kg6 40. f5+ Kh5 41. Qf4 Qxf4 42. gxf4 Kg4 43. Kg1 Kxf4 44. Kf2 Ke5 45. Ke3
b5 46. h4 g6 47. Bh3 g5 48. h5 h6 49. Bg4 a6 50. Bf3 Kd6 51. Kd4 1-0

[Event "11e Open International de La Fere"]
[Site "La Fere (FRA)"]
[Date "2012.07.14"]
[Round "9.25"]
[White "Nal, Patrick"]
[Black "Menjour, Mohamed"]
[Result "0-1"]
[WhiteElo "1647"]
[BlackElo "1770"]
[PlyCount "40"]
[EventDate "2012.??.??"]

1. d4 Nf6 2. c4 e6 3. Nc3 d5 4. cxd5 exd5 5. Bg5 Be7 6. e3 c6 7. Qc2 O-O 8. Bd3
Nbd7 9. f3 Re8 10. Nge2 h6 11. Bh4 c5 12. b3 a6 13. e4 cxd4 14. Nxd4 Nc5 15.
Bxf6 Bxf6 16. Nde2 dxe4 17. Bxe4 Nxe4 18. fxe4 Bg4 19. Rd1 Qc7 20. Rd2 Rac8 0-1

[Event "11e Open International de La Fere"]
[Site "La Fere (FRA)"]
[Date "2012.07.14"]
[Round "9.26"]
[White "Paillard, Maximilien"]
[Black "Paris, Pierre-Julien"]
[Result "1/2-1/2"]
[WhiteElo "1741"]
[BlackElo "1592"]
[PlyCount "71"]
[EventDate "2012.??.??"]

1. Nf3 Nf6 2. d3 d5 3. g3 Nc6 4. Bg2 e5 5. Nbd2 h6 6. O-O Be6 7. e4 Qd7 8. Re1
dxe4 9. Nxe4 Nxe4 10. dxe4 O-O-O 11. Be3 Be7 12. c3 Qxd1 13. Rexd1 Rxd1+ 14.
Rxd1 Rd8 15. Rxd8+ Kxd8 16. a3 f6 17. Nd2 a6 18. Bf1 Kd7 19. Bd3 Nd8 20. Kf1 b5
21. c4 c6 22. b4 Nb7 23. c5 a5 24. Bc2 a4 25. Ke2 Nd8 26. Kd3 Nf7 27. Bd1 Bd8
28. Be2 Bc7 29. g4 Nh8 30. f3 Ng6 31. Kc2 Nf4 32. Bf1 Ke7 33. Nb1 g6 34. Nc3 f5
35. gxf5 gxf5 36. Ne2 1/2-1/2

[Event "11e Open International de La Fere"]
[Site "La Fere (FRA)"]
[Date "2012.07.14"]
[Round "9.27"]
[White "Ternisien, Clement"]
[Black "Godart, Michel"]
[Result "0-1"]
[WhiteElo "1580"]
[BlackElo "1729"]
[PlyCount "76"]
[EventDate "2012.??.??"]

1. d4 Nf6 2. c4 c5 3. e3 e6 4. Nc3 d5 5. dxc5 Bxc5 6. cxd5 Nxd5 7. Nxd5 Qxd5 8.
Qxd5 exd5 9. Bd2 Be6 10. Nf3 a6 11. Bd3 Nc6 12. Bc3 Bb4 13. Rc1 O-O 14. O-O
Rac8 15. Bd4 Nxd4 16. Nxd4 Bd2 17. Rc2 Rxc2 18. Bxc2 Rc8 19. Rd1 Ba5 20. Rc1
Bd2 21. Rd1 Ba5 22. Bb3 Kf8 23. Ne2 g5 24. Bxd5 Rc2 25. Nd4 Rxb2 26. Nxe6+ fxe6
27. Bxe6 Rc2 28. g3 Ke7 29. Bd5 Rc7 30. Be4 h6 31. Bd5 b5 32. Kg2 Bb6 33. Kf3
Rc2 34. Re1 Rd2 35. Bb3 a5 36. Re2 g4+ 37. Kxg4 Rxe2 38. Kf3 Rb2 0-1

[Event "11e Open International de La Fere"]
[Site "La Fere (FRA)"]
[Date "2012.07.14"]
[Round "9.29"]
[White "Koechler, Thomas"]
[Black "Voiculescu-Holvad, Stefan"]
[Result "1/2-1/2"]
[WhiteElo "1960"]
[BlackElo "1390"]
[PlyCount "104"]
[EventDate "2012.??.??"]

1. e4 c5 2. Nf3 e6 3. d4 cxd4 4. Nxd4 a6 5. Nc3 Qc7 6. g3 Nf6 7. Bg2 Nc6 8. Be3
Bb4 9. O-O Bxc3 10. bxc3 d6 11. Rb1 O-O 12. Nxc6 bxc6 13. Bb6 Qd7 14. Qd2 d5
15. e5 Ne8 16. Bc5 f6 17. Bxf8 Kxf8 18. f4 f5 19. Rb2 Qc7 20. c4 a5 21. Rfb1
Ba6 22. Bf1 dxc4 23. Qd4 Rd8 24. Qc5+ Kg8 25. Bxc4 Bxc4 26. Qxc4 Qa7+ 27. Kf1
Rd2 28. Qxe6+ Kf8 29. Qxf5+ Kg8 30. Qe6+ Kf8 31. Rb6 Rxh2 32. Qxc6 a4 33. Qxe8+
Kxe8 34. Rb8+ Qxb8 35. Rxb8+ Kf7 36. Rb7+ Kg6 37. Ra7 Rxc2 38. Rxa4 Kf5 39. Ra7
h5 40. Rxg7 Rxa2 41. Rg5+ Ke4 42. e6 Kf3 43. Ke1 Re2+ 44. Kd1 Rxe6 45. f5 Re5
46. Kd2 Ke4 47. Rxh5 Rxf5 48. Rxf5 Kxf5 49. Ke3 Kg5 50. Kf3 Kf5 51. g4+ Kg5 52.
Kg3 Kg6 1/2-1/2

[Event "11e Open International de La Fere"]
[Site "La Fere (FRA)"]
[Date "2012.07.14"]
[Round "9.36"]
[White "Rodrigues, Michel"]
[Black "Baillie, Andre"]
[Result "1-0"]
[WhiteElo "1697"]
[BlackElo "1418"]
[PlyCount "43"]
[EventDate "2012.??.??"]

1. e4 c6 2. Nf3 d5 3. exd5 cxd5 4. d4 Nf6 5. Bd3 Nc6 6. c3 e6 7. O-O Bd6 8. Bg5
O-O 9. Re1 h6 10. Bh4 Bf4 11. Nbd2 g5 12. Bg3 Nh5 13. Ne5 Nxg3 14. fxg3 Bxd2
15. Qxd2 Ne7 16. Qc2 f5 17. Re2 Kg7 18. Ree1 Ng6 19. Nxg6 Kxg6 20. g4 Qb6 21.
gxf5+ exf5 22. Re5 1-0

[Event "11e Open International de La Fere"]
[Site "La Fere (FRA)"]
[Date "2012.07.14"]
[Round "9.38"]
[White "Caloone, Jules"]
[Black "Dagnicourt, Francis"]
[Result "1-0"]
[WhiteElo "1440"]
[BlackElo "1668"]
[PlyCount "85"]
[EventDate "2012.??.??"]

1. e4 d6 2. d4 Nf6 3. Nc3 g6 4. Nf3 Bg7 5. h3 O-O 6. Be3 e6 7. Qd2 b5 8. Bh6 b4
9. Na4 Nxe4 10. Qe3 Nf6 11. Bxg7 Kxg7 12. b3 Bb7 13. Bd3 Nbd7 14. O-O e5 15.
dxe5 dxe5 16. Nc5 Nxc5 17. Qxc5 e4 18. Bxe4 Nxe4 19. Qxb4 Ba6 20. Rfd1 Qe8 21.
Re1 f5 22. Qd4+ Kg8 23. Nd2 Rd8 24. Qxa7 Rxd2 25. Qxa6 Rxf2 26. Qb6 Qe5 27.
Qxf2 Qxa1 28. Rxa1 Nxf2 29. Kxf2 Rd8 30. Ke3 Kf7 31. c4 Ke6 32. a4 c5 33. a5
Ra8 34. g4 Ke5 35. gxf5 gxf5 36. a6 f4+ 37. Kf3 Ra7 38. Ra5 Kd4 39. Kxf4 Rf7+
40. Kg5 Ra7 41. Kf5 Rf7+ 42. Ke6 Ra7 43. Kd6 1-0

[Event "11e Open International de La Fere"]
[Site "La Fere (FRA)"]
[Date "2012.07.14"]
[Round "9.39"]
[White "Lebret, Loriane"]
[Black "Cossutta, Nello"]
[Result "1-0"]
[WhiteElo "1655"]
[BlackElo "1455"]
[PlyCount "40"]
[EventDate "2012.??.??"]

1. e4 c5 2. c3 d6 3. d4 cxd4 4. cxd4 Nf6 5. Nc3 g6 6. Nf3 Bg7 7. Bc4 Nc6 8. O-O
O-O 9. h3 a6 10. Qe2 b5 11. Bb3 Bb7 12. Bf4 Nh5 13. Be3 b4 14. Nd5 e6 15. Nf4
Nxf4 16. Bxf4 Nxd4 17. Nxd4 Bxd4 18. Qd2 Bc5 19. Bg5 Qd7 20. Bf6 Bd4 1-0

[Event "11e Open International de La Fere"]
[Site "La Fere (FRA)"]
[Date "2012.07.14"]
[Round "9.42"]
[White "Herman, Jose"]
[Black "Torck, Antoine"]
[Result "1-0"]
[WhiteElo "1641"]
[BlackElo "1380"]
[PlyCount "63"]
[EventDate "2012.??.??"]

1. d4 d5 2. c4 e6 3. Nf3 Nf6 4. Bg5 Be7 5. Nc3 Nc6 6. e3 Ne4 7. Bxe7 Qxe7 8.
Nxe4 dxe4 9. Nd2 Qb4 10. Qc2 O-O 11. Be2 Bd7 12. O-O e5 13. d5 Ne7 14. Nxe4 Bf5
15. Bd3 c6 16. a3 Qb6 17. c5 Qd8 18. d6 Ng6 19. Ng3 Bxd3 20. Qxd3 b6 21. b4 Ne7
22. e4 bxc5 23. bxc5 Rb8 24. Qa6 Nc8 25. Qxc6 f6 26. Nf5 Rf7 27. Rab1 Rxb1 28.
Rxb1 h6 29. Rb8 Kh7 30. Qxc8 Qxc8 31. Rxc8 Rd7 32. h3 1-0

[Event "11e Open International de La Fere"]
[Site "La Fere (FRA)"]
[Date "2012.07.14"]
[Round "9.45"]
[White "Delias, Gerard"]
[Black "Degraeve, Remy"]
[Result "1-0"]
[WhiteElo "1610"]
[BlackElo "1368"]
[PlyCount "41"]
[EventDate "2012.??.??"]

1. c4 f5 2. g3 Nf6 3. Bg2 e6 4. d3 Bb4+ 5. Bd2 Bxd2+ 6. Qxd2 O-O 7. Nf3 d6 8.
Nc3 h6 9. O-O Nbd7 10. Rfe1 Nc5 11. b4 Ncd7 12. e4 Ng4 13. d4 b6 14. h3 Ngf6
15. e5 dxe5 16. dxe5 Nh7 17. Rad1 Rf7 18. Nd4 Rb8 19. Nc6 Qe8 20. Nxb8 Nxb8 21.
Qd8 1-0

[Event "11e Open International de La Fere"]
[Site "La Fere (FRA)"]
[Date "2012.07.14"]
[Round "9.48"]
[White "Drouin, Philippe"]
[Black "Vekemans, Paul"]
[Result "0-1"]
[WhiteElo "1303"]
[BlackElo "1781"]
[PlyCount "78"]
[EventDate "2012.??.??"]

1. b3 d5 2. Ba3 Nf6 3. d4 g6 4. e3 Bg7 5. c4 O-O 6. c5 c6 7. Nd2 Nbd7 8. Ngf3
Re8 9. Be2 Ne4 10. Nxe4 dxe4 11. Nd2 Nf6 12. O-O Be6 13. Qc2 Bd5 14. Bc4 Qc7
15. g3 Qd7 16. Bxd5 cxd5 17. Rac1 Rac8 18. Qb1 Bh6 19. Rc3 Qh3 20. f3 exf3 21.
Rxf3 Ng4 22. Rf2 Bxe3 23. Rxe3 Nxe3 24. Qe1 Nc2 25. Qc1 Nxd4 26. Qc3 e5 27. Bb2
Qg4 28. Nf3 Nxf3+ 29. Rxf3 d4 30. Qd3 Rxc5 31. Rf1 Rec8 32. b4 Rc2 33. Ba1 Qe2
34. Qxe2 Rxe2 35. Bxd4 exd4 36. Rd1 Rd8 37. a4 d3 38. b5 d2 39. Kf1 Rde8 0-1